तैत्तिरीयोपनिषद्धाष्यवार्तिक, राधेश्याम शास्त्री सम्पा (Record no. 301834)
[ view plain ]
| 000 -LEADER | |
|---|---|
| fixed length control field | 00931nam a2200241Ia 4500 |
| 003 - CONTROL NUMBER IDENTIFIER | |
| control field | OSt |
| 005 - DATE AND TIME OF LATEST TRANSACTION | |
| control field | 20220923211632.0 |
| 008 - FIXED-LENGTH DATA ELEMENTS--GENERAL INFORMATION | |
| fixed length control field | 220922b |||||||| |||| 00| 0 san d |
| 037 ## - SOURCE OF ACQUISITION | |
| Terms of availability | Textual |
| 040 ## - CATALOGING SOURCE | |
| Original cataloging agency | ARTS |
| Transcribing agency | ARTS |
| Language of cataloging | san |
| 041 ## - LANGUAGE CODE | |
| Source of code | san |
| Language code of text/sound track or separate title | san |
| 100 ## - MAIN ENTRY--PERSONAL NAME | |
| Personal name | सुरेश्वराचार्य |
| 9 (RLIN) | 161151 |
| 245 #0 - TITLE STATEMENT | |
| Title | तैत्तिरीयोपनिषद्धाष्यवार्तिक, राधेश्याम शास्त्री सम्पा |
| 246 ## - VARYING FORM OF TITLE | |
| Title proper/short title | Taittirīyopaniṣhaddhāṣhyavārtika, rādheshyām shāstrī sampā |
| 260 ## - PUBLICATION, DISTRIBUTION, ETC. | |
| Place of publication, distribution, etc. | छण्क् |
| Name of publisher, distributor, etc. | उमींत ब्ींदक संबीउंदकंेे |
| Date of publication, distribution, etc. | 1978 |
| 300 ## - PHYSICAL DESCRIPTION | |
| Extent | 231 |
| Dimensions | cm. |
| 942 ## - ADDED ENTRY ELEMENTS (KOHA) | |
| Classification part | Q125:24:g, 15L8 |
| Koha item type | Textual |
| Source of classification or shelving scheme | Colon Classification (CC) |
| Withdrawn status | Lost status | Damaged status | Not for loan | Home library | Current library | Date acquired | Total Checkouts | Full call number | Barcode | Date last seen | Price effective from | Koha item type |
|---|---|---|---|---|---|---|---|---|---|---|---|---|
| Arts Library | Arts Library | 2022-09-23 | Q125:24:g 15L8 | AL0685587 | 2022-09-23 | 2022-09-23 | Textual |
